women in indie album covers - Statistics

General Stats
  • This quiz has been taken 76 times
  • The average score is 8 of 16
Answer Stats
Picture Answer % Correct
Lana Del Rey
83%
Clairo
80%
Phoebe Bridgers
78%
Mitski
71%
Ethel Cain
58%
Faye Webster
48%
Lucy Dacus
48%
Snail Mail
46%
PJ Harvey
42%
Julien Baker
34%
Angel Olsen
32%
Sleater Kinney
32%
Muna
31%
Frankie Cosmos
26%
Soccer Mommy
25%
Alvvays
22%
No matching quizzes found
Score Distribution
Percent of People with Each Score
Percentile by Number Answered
Your Score History
You have not taken this quiz